Hallazgos de la investigación sobre la inserción de las tecnologías de la información y la comunicación (TIC) en la enseñanza: la experiencia de los últimos diez años en los Estados Unidos /
Bewaard in:
| Hoofdauteur: | |
|---|---|
| Formaat: | Boek |
| Taal: | Spanish |
| Tags: |
Voeg label toe
Geen labels, Wees de eerste die dit record labelt!
|
MARC
| LEADER | 00000nam a22000007a 4500 | ||
|---|---|---|---|
| 003 | cru CIDCACS/IIS | ||
| 005 | 20200925161354.0 | ||
| 007 | ta | ||
| 008 | 170726t1998 cr ||||| |||| 00| 0 spa d | ||
| 999 | |c 19505 |d 19505 | ||
| 040 | |c CRAI/IIS |a CRAI/IIS | ||
| 100 | 1 | |9 5047 |a Salas Madriz, Flora Eugenia | |
| 245 | 1 | |a Hallazgos de la investigación sobre la inserción de las tecnologías de la información y la comunicación (TIC) en la enseñanza: |b la experiencia de los últimos diez años en los Estados Unidos / |c Flora Eugenia Salas Madriz | |
| 300 | |a páginas 53-66 | ||
| 942 | |2 ddc |c PP | ||
| 773 | 0 | |0 19488 |9 1062 |a Universidad de Costa Rica |d San José, Costa Rica: Editorial Universidad de Costa Rica, 1977- |o 18185 |t Educación: |x 03797082 | |
